| 000 | 01136nam a2200325 c 4500 | ||
|---|---|---|---|
| 003 | BLK | ||
| 005 | 20190913121217.0 | ||
| 008 | 180911b bul|||||r ||||||| ||bul|| | ||
| 010 | _a002759 | ||
| 040 | _aBLK | ||
| 041 | _aBUL | ||
| 080 | _z886.7-31 | ||
| 100 | 1 |
_aЧЕШМЕДЖИЕВ, Григор _eпърви автор |
|
| 245 | 0 | 0 | _aСиновете на Балкана |
| 246 |
_aРоман-хроника на Балканската война _pепос-романи |
||
| 250 | _a2. изд | ||
| 260 |
_aСофия _bИв. Куюмджиев _c1945 _fД. Провадалиев |
||
| 300 |
_aXXX, 536 с _c18 см |
||
| 380 | _a82 | ||
| 490 |
_aЧастна колекция - Академик Михаил Арнаудов _gДарение - Основен фонд |
||
| 653 |
_9 _aепос |
||
| 653 |
_9 _aромани |
||
| 650 | _aПроза | ||
| 650 | _aРомани | ||
| 655 | _aбългарска литература | ||
| 700 | 1 | _aГр. Чешмеджиев | |
| 700 | 1 | _a Животопис на автора от Ник. Атанасов | |
| 852 | _aМА 1153 | ||
| 942 |
_cKNG _n0 |
||
| 944 |
_aCR _c1996 _kValK |
||
| 999 |
_c343098 _d343098 |
||